000 00437cam a22001217a 4500
008 180718b1978 xxu||||| |||| 00| 0 eng d
082 _aA81x54 In2/71/8/Pt2C/2
100 _aCensus of India 1971
245 _aJammu and Kashmir: other social and cultural tables and fertility tables
260 _aDelhi
_bThe Controller of Publications
_c1978
300 _a235+p.
440 _aCensus of India 1971. Series-8, Jammu & Kashmir. Part II-C (ii)
999 _c485087
_d485087